| 000 | 00000nam 2200000zi 4500 |
| 001 | 9.898640 |
| 003 | CaOODSP |
| 005 | 20250411164206 |
| 006 | m o d f |
| 007 | cr |n||||||||| |
| 008 | 210413e197008 oncb ob f000 0|eng d |
| 040 | |aCaOODSP|beng|erda|cCaOODSP |
| 043 | |an-cn-qu |
| 086 | 1 |aRE22-76/1970E-PDF |
| 100 | 1 |aChance, Norman A. |q(Norman Allee), |d1927- |eauthor. |
| 245 | 10|aDevelopmental change among the Cree Indians of Quebec : |bsummary report / |cby Norman A. Chance with annexed contributions by David E.W. Holden; Ignatius E. La Rusic; Ronald M. Wintrob and Peter S. Sindell. |
| 264 | 1|aOttawa : |bDepartment of Regional Economic Expansion, |cAugust 1970. |
| 300 | |a1 online resource (1 volume (various pagings)) : |bmaps |
| 336 | |atext|btxt|2rdacontent |
| 337 | |acomputer|bc|2rdamedia |
| 338 | |aonline resource|bcr|2rdacarrier |
| 500 | |aDigitized edition from print [produced by Innovation, Science and Economic Development Canada]. |
| 500 | |a"McGill Cree Project (ARDA Project No. 34002)." |
| 504 | |aIncludes bibliographical references. |
| 650 | 0|aCree|xCultural assimilation|zQuébec (Province) |
| 650 | 0|aCulture conflict|zQuébec (Province) |
| 650 | 6|aCris (Premières Nations)|xAcculturation|zQuébec (Province) |
| 650 | 6|aConflit culturel|zQuébec (Province) |
| 710 | 1 |aCanada. |bDepartment of Regional Economic Expansion, |eissuing body. |
| 856 | 40|qPDF|s4.51 |uhttps://publications.gc.ca/collections/collection_2024/isde-ised/re22/RE22-76-1970-eng.pdf |